000 00914nam a22002177a 4500
999 _c13906
_d13906
003 AR-CdUCM
008 190416b ||||| |||| 00| 0 spa d
040 _aMUNICIPALIDAD PROVINCIAL DEL CUSCO
_cBIBLIOTECA MUNICIPAL DEL CUSCO
082 _aC / 869.56 /
_bY49
100 _aYepez Miranda, Alfredo
_94230
245 _aPeruanidad, literatura y revolución /
260 _aCusco :
_bH.G. Rozas sucesores,
_c1934.
300 _a55 páginas ;
_c21 cm.
500 _aDedicatoria
505 _aContenido: El paisaje costeño en la literatura peruana -- La fuerza literaria del paisaje serrano -- Nuestro colonialismo literario, fenómeno limeño -- Literatura indigenista -- La montaña como tema literario -- La universidad del Cusco y la cátedra de literatura peruana.
650 _aLiteratura
_983
650 _aPaisaje
_91600
650 _aRevolución
_9844
942 _2ddc
_cLIBROS
945 _aacv
_d2019-04-16